Daňové priznanie k dani z nehnuteľností v roku 1999

Prehľad zákonov a vyhlášok upravujúcich daň z nehnuteľností. Daňovníci dane z nehnuteľností. Objekt zdanenia. Nehnuteľnosti oslobodené od dane. Základ dane. Sadzby dane z nehnuteľností. Úľavy z dane. Oznamovacia povinnosť. Platenie dane, penalizácia a správa dane z nehnuteľností. Príklady na vyplnen...

Full description

Saved in:
Bibliographic Details
Main Author: Bubeníková, Irena
Format: Book Chapter
Language:Slovak
Subjects:
Tags: Add Tag
No Tags, Be the first to tag this record!

MARC

LEADER 00000naa a2200000 4500
001 r034079
005 20230919085858.7
041 0 |a slo 
044 |a SK 
245 1 0 |a Daňové priznanie k dani z nehnuteľností v roku 1999  |c Irena Bubeníková 
520 |a Prehľad zákonov a vyhlášok upravujúcich daň z nehnuteľností. Daňovníci dane z nehnuteľností. Objekt zdanenia. Nehnuteľnosti oslobodené od dane. Základ dane. Sadzby dane z nehnuteľností. Úľavy z dane. Oznamovacia povinnosť. Platenie dane, penalizácia a správa dane z nehnuteľností. Príklady na vyplnenie daňového priznania. Daňové priznanie k dani z nehnuteľností. 
610 2 0 |a dane z nehnuteľností 
610 2 0 |a priznania daňové 
610 2 0 |a 1999 
610 2 0 |a daňovníci 
610 2 0 |a zdaňovanie 
610 2 0 |a oslobodenie od daní 
610 2 0 |a sadzby daňové 
610 2 0 |a úľavy daňové 
610 2 0 |a povinnosť daňová 
610 2 0 |a povinnosť oznamovacia 
100 1 |a Bubeníková, Irena